Darts quiz - Statistiken

Allgemein
  • Dieses Quiz wurde 746 mal gespielt
  • Das Durchschnittsergebnis liegt bei 36 aus 41
Antwortstatistiken
Frage Antwort % Korrekt
Zahl oben in der Mitte 20
100%
Im Uhrzeigersinn dahinter 1
99%
18
96%
Was ist die Höchstpunktzahl mit 3 Darts? 180
95%
Wie viele Darts braucht man mindestens um 501 punkte auf 0 zu bringen? 9
95%
Mitte unten 3
94%
4
93%
Mitte links 11
92%
13
92%
19
92%
Mitte rechts 6
92%
Wer ist Rekordweltmeister? Phil Taylor
92%
7
91%
10
90%
16
90%
17
90%
2
90%
5
90%
8
90%
Welcher aus den Niederlanden stammende Person gilt als bester Dartspieler der Welt? Michael van Gerwen
90%
Welche Nation ist hinter den Britischen Nationen die stärkste? Niederlande
90%
12
89%
15
89%
Größte Dartorganisation? PDC
89%
Peter Wright Schottland
89%
14
88%
9
88%
Was braucht man um ein "Leg" zu beenden? Doppel
88%
James Wade England
88%
Welcher deutsche Dartspieler hat "The Maximizer" als Spitznamen? Max Hopp
88%
Was sagt der "Caller" wenn der Spieler keine Punktzahl erzielt? No score
88%
Gerwyn Price Wales
87%
Simon Whitlock Australien
85%
Wer ist "The flying scotsman"? Gary Anderson
85%
Kim Huybrechts Belgien
84%
Wie heißt der erfolgreichste Dartspieler Österreichs? Mensur Suljovic
80%
Daryl Gurney Nordirland
78%
Zweitgrößte? BDO
71%
Sortiert dem Spieler die richtige Nation zu: Cristo Reyes Spanien
70%
Wer ist der bekannteste Kommentator in Deutschland? Elmar Paulke
69%
Paul Lim Singapur
65%
Keine übereinstimmenden Quizze gefunden
Verteilung der Resultate
Anzahl Personen mit jedem Resultat
Perzentil nach korrekt beantworteten Fragen
Ihre Resultats-Entwicklung
Sie haben dieses Quiz noch nicht gespielt